• 首页
  • 本馆介绍
  • 公告通知
  • 最新文献
  • 馆藏检索
  • 电子资源
  • 读者导购
  • 参考咨询
  • 我的图书馆
  • 登录
  • 详细信息显示
  • 放入我的书架
  • 预约/预借图书
  • 作者相关作品
  • 分类相关作品
  • 丛书相关作品
  • 出版社相关作品

书目信息

  • 表格格式
  • 工作单格式
  • 卡片格式
题名:
语言学纲要
    
 
作者: 叶蜚声 , 徐通锵 著
分册:  
出版信息: 北京   北京大学出版社  1981.10
页数: 268页
开本: 20cm
丛书名:
单 册:
中图分类: H0
科图分类:
主题词: 语言学
电子资源:
ISBN:
000 00568nam0 2200217 45
001 0206241558
005 20040424145224.5
010    @dCNY1.50
091    @a10209.14
100    @a20020624d1981 km y0chiy0120 ea
101 0  @achi
105    @a z 000yy
200 1  @a语言学纲要@AYu Yan Xue Gang Yao@f叶蜚声,徐通锵著@FYe Fei Sheng,Xu TongQiang Zhu
210    @a北京@c北京大学出版社@d1981.10
215    @a268页@d20cm
606 0  @a语言学
690    @aH0@v3
701  0 @a叶蜚声@4著
701  0 @a徐通锵@4著
801    @aCN@bTSTC@c20020624
905    @dH0@e17@f1@b206808
    
    语言学纲要/叶蜚声,徐通锵著.-北京:北京大学出版社,1981.10
    268页;20cm
    
    
    ISBN :CNY1.50
    
●
相关链接 在E读中查询图书 在五车中查询图书 在当当中查询图书 在豆瓣中查询图书


正题名:语言学纲要     索取号:H0/17         预约/预借

序号 登录号 条形码 馆藏地/架位号 状态 备注
1 0206808   000816763   第四借阅区/ [索取号:H0/17] 在馆    
唐山师范学院图书馆 欢迎您!
大连网信软件有限公司© 版权所有